00474nam a2200181Ia 4500003000400000005001700004008004100021040000700062041000800069082002400077100001700101245007600118260004300194300001100237365001100248650001900259650001400278OSt20230518112834.0210423s1984 xx 000 0 und d cAL aeng a305.5122 223bHIRU aHIRO (Dilip) aUntouchables of india: report no 26 of the minority rights group london aBangalorebDalit Sahitya Academyc1984 a59bPB b5cINR aSocial Classes aSociology